Statistics for Biggest Cities In Europe starting with L

Click here to take the quiz!

General Stats

  • This quiz has been taken 79 times
  • The average score is 10 of 20

Answer Stats

PopulationCountryAnswer% Correct
7,047,000United KingdomLondon
97%
415,000FranceLyon
86%
563,000PortugalLisbon
83%
727,000United KingdomLeeds
80%
468,000United KingdomLiverpool
79%
228,000FranceLille
75%
803,000PolandLodz
66%
294,000United KingdomLeicester
61%
490,000GermanyLeipzig
58%
264,000SloveniaLjubljana
58%
786,000UkraineLviv
52%
203,000AustriaLinz
39%
195,000BelgiumLiege
35%
213,000GermanyLubeck
30%
356,000PolandLublin
24%
354,000SpainLas Palmas
21%
196,000FranceLe Havre
21%
467,000UkraineLuhansk
14%
519,000RussiaLipetsk
7%
216,000UkraineLutsk
4%

Score Distribution

Percentile by Number Answered

Percent of People with Each Score

Your Score History

You have not taken this quiz